Borussia Dortmund Champions League Winner Starting XI - Statistics

General Stats
  • This quiz has been taken 342 times
  • The average score is 5 of 11
Answer Stats
Player % Correct
Matthias Sammer
89%
Jürgen Kohler
55%
Karl-Heinz Riedle
50%
Stéphane Chapuisat
50%
Paulo Sousa
43%
Stefan Klos
40%
Andreas Möller
38%
Paul Lambert
38%
Stefan Reuter
32%
Jörg Heinrich
27%
Martin Kree
22%
No matching quizzes found
Score Distribution
Percent of People with Each Score
Percentile by Number Answered
Your Score History
You have not taken this quiz